[Event "ROM-ch U12"]
[Site "Calimanesti"]
[Date "2018.04.02"]
[Round "8"]
[White "Simon, Cristian Eduard"]
[Black "Baciu, Daniel"]
[Result "1/2-1/2"]
[WhiteElo "1343"]
[BlackElo "1478"]
[PlyCount "120"]
[EventDate "2018.03.27"]
[EventType "swiss"]
[EventRounds "9"]
[EventCountry "ROU"]
[SourceTitle "CBM 183 Extra"]
[Source "ChessBase"]
[SourceDate "2018.04.19"]
[SourceVersion "1"]
[SourceVersionDate "2018.04.19"]
[SourceQuality "1"]

1. e4 c5 2. Nf3 g6 3. d4 cxd4 4. Nxd4 Bg7 5. Nc3 Nc6 6. Be3 Nf6 7. f4 d6 8. Be2 0-0 9. h3 Bd7 10. Qd2 Nxd4 11. Bxd4 Bc6 12. Bf3 Qa5 13. 0-0-0 Rfc8 14. g4 Rab8 15. g5 Ne8 16. Kb1 Qa6 17. Qe3 b5 18. Be2 Bxd4 19. Qxd4 Qb6 20. h4 b4 21. Qxb6 Rxb6 22. Nd5 Bxd5 23. Rxd5 Rc5 24. Rxc5 dxc5 25. Rd1 Rd6 26. Kc1 f6 27. Bc4+ Kg7 28. Rd5 Rxd5 29. Bxd5 h6 30. Kd2 hxg5 31. hxg5 Nc7 32. Kd3 e6 33. Bb7 e5 34. gxf6+ Kxf6 35. Ke3 exf4+ 36. Kxf4 Ne6+ 37. Ke3 Nd4 38. c3 bxc3 39. bxc3 Ne6 40. Bd5 g5 41. Kf3 Nc7 42. c4 Ne8 43. Kg4 Nd6 44. a3 Ke5 45. Kxg5 Nxe4+ 46. Kg6 Nd6 47. a4 Kd4 48. Kf6 Nxc4 49. Ke6 Nb6 50. Bb3 Kc3 51. Bd1 Kb4 52. Kd6 c4 53. a5 Na4 54. a6 c3 55. Kc7 Nc5 56. Kb8 Nxa6+ 57. Kxa7 Nc5 58. Bc2 Ka3 59. Kb6 Kb2 60. Bh7 Nb3 1/2-1/2

[Event "ROM-ch U12"]
[Site "Calimanesti"]
[Date "2018.03.29"]
[Round "3"]
[White "Busuioc, Stelian Marian"]
[Black "Simon, Cristian Eduard"]
[Result "1/2-1/2"]
[WhiteElo "1575"]
[BlackElo "1343"]
[PlyCount "63"]
[EventDate "2018.03.27"]
[EventType "swiss"]
[EventRounds "9"]
[EventCountry "ROU"]
[SourceTitle "CBM 183 Extra"]
[Source "ChessBase"]
[SourceDate "2018.04.19"]
[SourceVersion "1"]
[SourceVersionDate "2018.04.19"]
[SourceQuality "1"]

1. e4 c5 2. Nf3 g6 3. d4 cxd4 4. Nxd4 Nc6 5. Be3 Bg7 6. Nc3 Nf6 7. Bc4 0-0 8. Bb3 d6 9. f3 Bd7 10. h4 h5 11. Qd2 Qc7 12. 0-0-0 a6 13. Nd5 Nxd5 14. Bxd5 Rac8 15. c3 Nb4 16. Bb3 Nc6 17. Nxc6 Qxc6 18. Bd4 Bxd4 19. Qxd4 Qc5 20. Qxc5 Rxc5 21. Rhe1 Bb5 22. Rd5 Rfc8 23. Red1 Bc4 24. Rxc5 Rxc5 25. Bxc4 Rxc4 26. Kc2 Kg7 27. Rd5 Kf6 28. Kd3 Rc6 29. Ke3 Rb6 30. b3 Rc6 31. Rd3 Rc5 32. f4 1/2-1/2

[Event "ROM-ch U10"]
[Site "Calimanesti Caciulata"]
[Date "2016.04.22"]
[Round "6"]
[White "Simon, Cristian Eduard"]
[Black "Savu, Luca Christian Davi"]
[Result "0-1"]
[WhiteElo "1184"]
[BlackElo "1033"]
[PlyCount "68"]
[EventDate "2016.04.18"]
[EventType "swiss"]
[EventRounds "9"]
[EventCountry "ROU"]
[SourceTitle "CBM 172 Extra"]
[Source "ChessBase"]
[SourceDate "2016.06.21"]
[SourceVersion "1"]
[SourceVersionDate "2016.06.21"]
[SourceQuality "1"]

1. e4 Nf6 2. e5 Nd5 3. c4 Nb6 4. d4 d6 5. Bf4 g6 6. Nf3 Bg7 7. Nc3 0-0 8. Be2 Bg4 9. 0-0 N8d7 10. exd6 exd6 11. Qd3 Re8 12. Rfe1 Nf6 13. Bg5 Nbd7 14. h3 Bf5 15. Qd2 Nf8 16. d5 Qd7 17. Kh2 Be4 18. Bxf6 Bxf6 19. Nxe4 Rxe4 20. Ng5 Bxg5 21. Qxg5 Rae8 22. Qd2 Qe7 23. Qb4 c5 24. Qb5 Qd7 25. Qa5 Rxe2 26. Rf1 Rxb2 27. Qxa7 Ree2 28. Qa8 Re8 29. Qa3 Rbe2 30. Qd3 Qf5 31. Qg3 Qe5 32. f4 Qe4 33. Rac1 Re3 34. Qg4 Qf5 0-1